<?xml version="1.0" encoding="UTF-8"?><?xml-stylesheet type="text/xsl" href="static/style.xsl"?><OAI-PMH xmlns="http://www.openarchives.org/OAI/2.0/" xmlns:xsi="http://www.w3.org/2001/XMLSchema-instance" xsi:schemaLocation="http://www.openarchives.org/OAI/2.0/ http://www.openarchives.org/OAI/2.0/OAI-PMH.xsd"><responseDate>2026-04-28T19:44:32Z</responseDate><request verb="GetRecord" identifier="oai:uvadoc.uva.es:10324/65162" metadataPrefix="marc">https://uvadoc.uva.es/oai/request</request><GetRecord><record><header><identifier>oai:uvadoc.uva.es:10324/65162</identifier><datestamp>2024-01-29T20:01:54Z</datestamp><setSpec>com_10324_1164</setSpec><setSpec>com_10324_931</setSpec><setSpec>com_10324_894</setSpec><setSpec>col_10324_1331</setSpec></header><metadata><record xmlns="http://www.loc.gov/MARC21/slim" xmlns:doc="http://www.lyncode.com/xoai" xmlns:xsi="http://www.w3.org/2001/XMLSchema-instance" xmlns:dcterms="http://purl.org/dc/terms/" xsi:schemaLocation="http://www.loc.gov/MARC21/slim http://www.loc.gov/standards/marcxml/schema/MARC21slim.xsd">
<leader>00925njm 22002777a 4500</leader>
<datafield tag="042" ind1=" " ind2=" ">
<subfield code="a">dc</subfield>
</datafield>
<datafield tag="720" ind1=" " ind2=" ">
<subfield code="a">Arconada Ledesma, Pablo</subfield>
<subfield code="e">author</subfield>
</datafield>
<datafield tag="260" ind1=" " ind2=" ">
<subfield code="c">2023</subfield>
</datafield>
<datafield tag="520" ind1=" " ind2=" ">
<subfield code="a">Los estudios relativos a la historia de Guinea Ecuatorial en nuestro país han vivido un cierto despertar en las últimas décadas. No obstante, siguen existiendo numerosos vacíos sobre los diferentes procesos históricos de este territorio africano. Sin duda alguna las investigaciones relativas a la colonización han sido bastante amplios, centrados normalmente en áreas geográficas concretas como son la isla de Fernando Poo y el territorio continental. Si bien, hay zonas que por su lejanía han sido normalmente marginadas de los debates historiográficos.</subfield>
</datafield>
<datafield tag="024" ind2=" " ind1="8">
<subfield code="a">Arconada Ledesma, Pablo, “Análisis del discurso colonial del ABC sobre Guinea Ecuatorial bajo el régimen de la II República (1931-1936)”, en García Andrés, César y Arconada Ledesma, Pablo (eds.), Del centro a los márgenes: Nuevas perspectivas sobre la Historia olvidada, Valencia, Tirant lo Blanch, 2023, pp. 295-309.</subfield>
</datafield>
<datafield tag="024" ind2=" " ind1="8">
<subfield code="a">9788419471734</subfield>
</datafield>
<datafield tag="024" ind2=" " ind1="8">
<subfield code="a">https://uvadoc.uva.es/handle/10324/65162</subfield>
</datafield>
<datafield tag="024" ind2=" " ind1="8">
<subfield code="a">295</subfield>
</datafield>
<datafield tag="024" ind2=" " ind1="8">
<subfield code="a">309</subfield>
</datafield>
<datafield tag="024" ind2=" " ind1="8">
<subfield code="a">Del centro a los márgenes: Nuevas perspectivas sobre la Historia olvidada</subfield>
</datafield>
<datafield tag="245" ind1="0" ind2="0">
<subfield code="a">Análisis del discurso colonial del ABC sobre Guinea Ecuatorial bajo el régimen de la II República (1931-1936)</subfield>
</datafield>
</record></metadata></record></GetRecord></OAI-PMH>